00917nam a2200229 a 450000100060000000300080000600500170001400800410003103500190007204000350009104100080012608200240013410000210015824501750017926000710035430000380042550200770046350400340054065000250057470000460059970000420064581968BD-RjUL20230921145754.0230921s2014 bg a|||| m||| 00| 0 eng d a(BD-RjUL)81968 aBD-RjULbengcBD-RjULdBD-RjUL aeng 223bASD 2014a632.5 aAsadujjaman, Md.10aDevelopment of Low Cost Weed Based Aquaculture Technology in Ponds /cMd. Asadujjaman ;6Principal Supervisor : Md. Akhtar Hossain, Co-Supervisor : Mohammad Amirul Islam  aRajshahi :bDepartment of Fisheries, University of Rajshahi,c2014 axiv, 187 Leaves :bill, ;c29 cm. aThesis (Ph. D.) -- Department of Fisheries, University of Rajshahi, 2014 aReferences : Leaves [167]-186 aPlant InjuriesvWeed aHossain, Md. Akhtar, Principal Supervisor aIslam, Mohammad Amirul, Co-Supervisor